Persaudaraan Islam

Bibliographic Details
Main Author: Ulwah, Abdullah Nasih
Format: Book
Published: Kuala Lumpur : iBook Publishing , 2005
Subjects:

MARC

LEADER 00000cam a2200000 7i4500
001 0000012317
005 20080409.0
008 071212
020 |a 9832748100 
090 0 0 |a 297.56762   |b ULW 
100 1 |a Ulwah, Abdullah Nasih 
245 1 0 |a Persaudaraan Islam   |c Abdullah Nasih Ulwan 
260 |a Kuala Lumpur :   |b iBook Publishing ,   |c 2005 
650 0 |a Brotherliness   |x Religious aspects   |x Islam 
650 0 |a Friendship   |x Religious aspects   |x Islam 
650 0 |a Interpersonal relations   |x Religious aspects   |x Islam 
999 |a 0001008138   |b Book   |c Adult Collection   |e Perbadanan Perpustakaan Awam Johor 
999 |a 0001008139   |b Book   |c Adult Collection   |e Perbadanan Perpustakaan Awam Johor 
999 |a 0001008140   |b Book   |c Adult Collection   |e Perbadanan Perpustakaan Awam Johor 
999 |a 0001008141   |b Book   |c Adult Collection   |e Perbadanan Perpustakaan Awam Johor 
999 |a 0001008142   |b Book   |c Adult Collection   |e Perbadanan Perpustakaan Awam Johor 
999 |a 0001139598   |b Book   |c Adult Collection   |e Cawangan Bandar Penawar